Informačný systém pre IoT zariadenia pre monitoring vodných zdrojov a odpadových vôd
Gespeichert in:
| 1. Verfasser: | |
|---|---|
| Weitere Verfasser: | |
| Format: | Manuskript Buch |
| Sprache: | Slowakisch |
| Veröffentlicht: |
Bratislava :
STU v Bratislave FEI,
2023
|
| Schlagworte: | |
| Online-Zugang: | https://opac.crzp.sk/?fn=detailBiblioFormChildEC0CS&sid=A5BC586C45F519526AE52FAF963A&seo=CRZP-detail-kniha |
| Tags: |
Keine Tags, Fügen Sie das erste Tag hinzu!
|
MARC
| LEADER | 00000ntm a22000003a 4500 | ||
|---|---|---|---|
| 001 | stuzp94800 | ||
| 003 | SK-STU | ||
| 005 | 20241210113203.4 | ||
| 007 | ta | ||
| 008 | 150427s2015----xo-----f-mn---000-0-slo-d | ||
| 040 | |a STU |b slo | ||
| 041 | 0 | |a slo | |
| 044 | |a xo | ||
| 100 | 1 | |a Budinský, Imrich |u 033000 |4 aut |U FEI Fakulta elektrotechniky a informatiky |T FEI Ústav elektroniky a fotoniky |X 85793 |U E030 |Y 549 |7 85793 | |
| 242 | 0 | 1 | |a Information system for IoT equipment for monitoring water resources and wastewater |y eng |
| 245 | 1 | 0 | |a Informačný systém pre IoT zariadenia pre monitoring vodných zdrojov a odpadových vôd |
| 260 | |a Bratislava : |b STU v Bratislave FEI, |c 2023 | ||
| 300 | |a 91 s. | ||
| 650 | 4 | |a Informačný systém |2 slo | |
| 650 | 4 | |a riadiace úlohy |2 slo | |
| 650 | 4 | |a internet vecí |2 slo | |
| 650 | 4 | |a Job management |2 eng | |
| 650 | 4 | |a Information system |2 eng | |
| 650 | 4 | |a Internet of Things |2 eng | |
| 700 | 1 | |a Vojs, Marian |u 033000 |k Z2 |4 ths |U FEI Fakulta elektrotechniky a informatiky |T FEI Ústav elektroniky a fotoniky |X 2979 |U E030 |Y 549 |7 A000002979 | |
| 856 | 4 | |u https://opac.crzp.sk/?fn=detailBiblioFormChildEC0CS&sid=A5BC586C45F519526AE52FAF963A&seo=CRZP-detail-kniha | |